Statistics for fortnite

Click here to take the quiz!

General Stats

  • This quiz has been taken 1,299 times
  • The average score is 7 of 8

Answer Stats

HintAnswer% Correct
what is the max amount of people in one game100
97%
is there a house in the middle of loot lakeyes
95%
how many basketball courts are there on the map2
93%
what come up when you winVictory Royal
93%
in which town can you find the soccer fieldPleasant Park
82%
name all five classes from worst to bestCommon Uncommon Rare Epic Legendary
81%
what do you get when you win a gameumbrella
77%
what type of bus do you jump off in the very beginingschool bus
48%

Score Distribution

Percentile by Number Answered

Percent of People with Each Score

Your Score History

You have not taken this quiz